01570nam a2200217 a 45000010005000000030009000050080041000140200015000550400028000700820016000981000029001142450034001432600032001773000021002095050901002306500022011316500020011539420012011739990017011859520150012029644CO-ViMGA141112s2004 ck r 000 u spa d a8434421003 aCO-ViMGAbspacCO-ViMGA04a330.1 S744p1 aStiglitz, Joseph E.923210aPrincipios de Microeconomía aBarcelona (E), cAriel 1994 a750.p.gráficas aINTRODUCCION El automovil y la economía Pensar como un economista Intercambio y producción La demanda, la oferta y los precios Utilización de la demanda y la oferta Tiempo y riesgo El sector público MERCADOS PERFECTOS La decisión de consumo La decisión de ahorro Una guía de inversión para estudiantes La desición de oferta de trabajo Los costes de la empresa La desición de producción de la empresa El equilibrio competitivo MERCADOS IMPERFECTOS Monopolios y competencia imperfecta Los oligopolios Actitud de los poderes públicos hacia la competencia El cambio tecnologico La información imperfecta en el mercado de productos Las imperfecciones del mercado de trabajo La financiación y el control de la empresa La gestión de la empresa Las externalidades, los bienes preferentes y la intervención del estado Tributación y redistribución Glosario de economía14aEconomía91116714aMICROEconomía 2ddccBK c21112d21112 00102ddc40708002aMEVIECARbMEVIECARd2015-12-04hVolumen. 1 | 11/jun/2009l0o330.1 S744p p9644r2019-05-25 00:00:00tEj. 1w2015-12-04yBK